00391 2200157 4500001002100000005001500021035002000036245005000056100001200106300002800118260003100146082000800177084001400185020002200199990001200221INLIS00000000000304820250919074309 a0010-09250003951 aMandiri Bahasa Indonesia Kelas XII /cSobandi0 aSobandi a172 hlm ;c17,5 x 25 cm aJakarta :bErlangga,c2016 a400 a400 SOB m a978-602-434-162-6 a0755587